Airlines at Kraków Airport - Statistics

General Stats
  • This quiz has been taken 95 times
  • The average score is 15 of 31
Answer Stats
Airlines % Correct
LOT
92%
Wizzair
90%
Ryanair
89%
Lufthansa
82%
British Airways
77%
KLM
69%
Air France
67%
EasyJet
66%
Turkish Airlines
62%
Norwegian
59%
Finnair
57%
SAS
57%
Austrian Airlines
56%
Swiss
56%
airBaltic
48%
flydubai
48%
Aegean Airlines
46%
Eurowings
41%
Air Serbia
38%
Brussels Airlines
34%
Air Arabia
33%
Enter Air
31%
El Al
30%
Luxair
30%
Pegasus Airlines
30%
SunExpress
23%
Air Dolomiti
21%
Jet2.com
18%
Freebird Airlines
8%
Jazeera Airways
8%
Mavi Gok Aviaton
7%
No matching quizzes found
Score Distribution
Percent of People with Each Score
Percentile by Number Answered
Your Score History
You have not taken this quiz